00658nam a2200169 a 450000100100000000500170001000800410002704000250006808200090009310000410010224501300014326000330027330000200030670000360032695201090036299900170047100003516520200930074140.0111025s1893 sp 000 0 spa d aDO-SdBNPbspacBNPHU axxxx1 aRamírez Cumbreras, Ramón.96088914aLos glotones :bzarzuela en un acto y en verso /cletra de Ramón Ramírez Cumbreras ; música del maestro Manuel Chalons. aMadrid :bR. Velasco,c1893. a36 p. ;c21 cm.1 aChalons, Manuel,emús.960788 001050718MOaGRbGRcHDd2011-10-25iLF1l0oxxxx p35165-10r2020-06-25w2020-06-25y1ZNo se presta c34656d34656